[Event "GER-ch U12 Girls"]
[Site "Willingen"]
[Date "2016.05.19"]
[Round "8"]
[White "Meijerink, Inken"]
[Black "Limbach, Anna Lena"]
[Result "1/2-1/2"]
[WhiteElo "1306"]
[BlackElo "1365"]
[PlyCount "70"]
[EventDate "2016.05.15"]
[EventType "swiss"]
[EventRounds "11"]
[EventCountry "GER"]
[SourceTitle "CBM 172 Extra"]
[Source "ChessBase"]
[SourceDate "2016.06.21"]
[SourceVersion "1"]
[SourceVersionDate "2016.06.21"]
[SourceQuality "1"]

1. e4 e5 2. Nf3 Nc6 3. d4 exd4 4. Nxd4 Bc5 5. Be3 Qf6 6. Nb5 Bxe3 7. fxe3 Kd8 8. N1c3 Nge7 9. Qd2 d6 10. 0-0-0 Be6 11. Be2 Ng6 12. Rhf1 Qe5 13. h3 Rf8 14. Kb1 Kd7 15. Rf2 f6 16. Nd4 Bf7 17. Bg4+ Kd8 18. Rdf1 Nge7 19. Rg1 h5 20. Bd1 h4 21. Bg4 a6 22. Nf3 Qc5 23. Nxh4 b5 24. a3 a5 25. Kc1 b4 26. Na4 Qb5 27. b3 bxa3 28. Qd3 Qxd3 29. cxd3 Bxb3 30. Bd1 Bxa4 31. Bxa4 Rb8 32. Ra2 Kd7 33. Rxa3 Rb4 34. Bc2 Rfb8 35. Kd2 d5 1/2-1/2

[Event "GER-ch U10"]
[Site "Magdeburg"]
[Date "2014.06.13"]
[Round "9"]
[White "Schneider, Katharina"]
[Black "Limbach, Anna Lena"]
[Result "0-1"]
[WhiteElo "929"]
[BlackElo "1091"]
[PlyCount "48"]
[EventDate "2014.06.08"]
[EventType "swiss"]
[EventRounds "11"]
[EventCountry "GER"]
[SourceTitle "CBM 160 Extra"]
[Source "ChessBase"]
[SourceDate "2014.07.01"]
[SourceVersion "1"]
[SourceVersionDate "2014.07.01"]
[SourceQuality "1"]

1. e4 e6 2. d4 d5 3. exd5 exd5 4. Nf3 Bd6 5. c4 c6 6. Nc3 Ne7 7. Bd3 Bc7 8. 0-0 Bf5 9. Bxf5 Nxf5 10. Re1+ Ne7 11. cxd5 cxd5 12. Bg5 f6 13. Bc1 0-0 14. b3 Nbc6 15. Bb2 Qd7 16. h3 Nf5 17. Nb5 Bb6 18. a4 a5 19. Ba3 Rfe8 20. Qd2 Re4 21. Rxe4 dxe4 22. d5 exf3 23. gxf3 Ne5 24. Qd3 Nxd3 0-1

[Event "GER-ch U10"]
[Site "Magdeburg"]
[Date "2014.06.10"]
[Round "5"]
[White "Morgenstern, Tobias"]
[Black "Limbach, Anna Lena"]
[Result "0-1"]
[WhiteElo "1073"]
[BlackElo "1091"]
[PlyCount "112"]
[EventDate "2014.06.08"]
[EventType "swiss"]
[EventRounds "11"]
[EventCountry "GER"]
[SourceTitle "CBM 160 Extra"]
[Source "ChessBase"]
[SourceDate "2014.07.01"]
[SourceVersion "1"]
[SourceVersionDate "2014.07.01"]
[SourceQuality "1"]

1. e4 e6 2. d4 d5 3. exd5 exd5 4. Bd3 c5 5. c3 Nf6 6. Nf3 Nc6 7. Bg5 cxd4 8. cxd4 Be7 9. Nc3 Bg4 10. h3 Bxf3 11. Qxf3 Nxd4 12. Qd1 h6 13. Be3 Nc6 14. Bb5 a6 15. Bxc6+ bxc6 16. 0-0 0-0 17. Re1 c5 18. Na4 d4 19. Bf4 Bd6 20. Bxd6 Qxd6 21. Qc2 c4 22. Qxc4 Rac8 23. Qd3 Rfe8 24. Nc3 Rxe1+ 25. Rxe1 Qb6 26. Na4 Qb4 27. Qd1 d3 28. Re3 d2 29. Rc3 Rd8 30. b3 Ne4 31. Rc4 Qe7 32. Rc2 Nc3 33. Nxc3 Qe1+ 34. Kh2 Qe5+ 35. g3 Qe1 36. Kg2 Rd3 37. h4 Rxc3 38. Qxd2 Qe4+ 39. f3 Qxc2 40. Qxc2 Rxc2+ 41. Kh3 Rxa2 42. f4 f6 43. Kg4 Rb2 44. Kh5 Rxb3 45. Kg6 Rxg3+ 46. Kf5 a5 47. Ke4 a4 48. f5 a3 49. Kf4 Rb3 50. Ke4 a2 51. Kd4 a1Q+ 52. Kc4 Qa4+ 53. Kc5 Rb5+ 54. Kc6 Qa6+ 55. Kc7 Rb7+ 56. Kc8 Qa8# 0-1

[Event "GER-ch U10"]
[Site "Magdeburg"]
[Date "2014.06.09"]
[Round "4"]
[White "Limbach, Anna Lena"]
[Black "Ewerhardy, Moritz"]
[Result "0-1"]
[WhiteElo "1091"]
[BlackElo "1190"]
[PlyCount "134"]
[EventDate "2014.06.08"]
[EventType "swiss"]
[EventRounds "11"]
[EventCountry "GER"]
[SourceTitle "CBM 160 Extra"]
[Source "ChessBase"]
[SourceDate "2014.07.01"]
[SourceVersion "1"]
[SourceVersionDate "2014.07.01"]
[SourceQuality "1"]

1. e4 c5 2. f4 d5 3. exd5 Nf6 4. Nf3 Nxd5 5. g3 Nc6 6. d3 h6 7. Bd2 Bg4 8. Nc3 e6 9. h3 Bxf3 10. Qxf3 Nd4 11. Qd1 Be7 12. Nxd5 Qxd5 13. Rg1 Nf3+ 14. Kf2 Nxg1 15. Kxg1 0-0 16. Be3 Rab8 17. c4 Qd7 18. Qg4 b6 19. Rd1 Bf6 20. b3 Qb7 21. d4 Qe4 22. Bf2 Bxd4 23. Bxd4 cxd4 24. h4 Qe3+ 25. Kh1 f5 26. Qh5 Rbd8 27. Rd3 Qf2 28. Rf3 Qxa2 29. Qg6 Rf6 30. Qh5 Qa1 31. Kg2 Qb2+ 32. Kh3 Qc1 33. g4 Qd1 34. g5 hxg5 35. fxg5 Rff8 36. g6 Rfe8 37. Qh7+ Kf8 38. Qh8+ Ke7 39. Qxg7+ Kd6 40. Qxa7 Qxf3+ 41. Kh2 Qxf1 42. Qxb6+ Ke5 43. Qc5+ Kf6 44. g7 Qe2+ 45. Kh3 Qg4+ 46. Kh2 Qxh4+ 47. Kg2 Qg4+ 48. Kf2 Qf4+ 49. Kg2 Qg4+ 50. Kf2 Qxg7 51. b4 Qg4 52. b5 Qf4+ 53. Ke2 Qe5+ 54. Qxe5+ Kxe5 55. b6 Rb8 56. c5 Kd5 57. c6 Kxc6 58. b7 Rxb7 59. Kd3 e5 60. Kd2 Rb3 61. Kc2 Rh3 62. Kd2 Rg8 63. Ke2 Re3+ 64. Kf2 Ra8 65. Kg2 Rb3 66. Kf2 Ra2+ 67. Kf1 Rb1# 0-1